Detalles MARC
| 000 -CABECERA |
| campo de control de longitud fija |
00954nam a2200289 a 4500 |
| 001 - NÚMERO DE CONTROL |
| campo de control |
000038129 |
| 003 - IDENTIFICADOR DEL NÚMERO DE CONTROL |
| campo de control |
DO-SdBNP |
| 005 - FECHA Y HORA DE LA ÚLTIMA TRANSACCIÓN |
| campo de control |
20240305140710.0 |
| 007 - CAMPO FIJO DE DESCRIPCIÓN FÍSICA--INFORMACIÓN GENERAL |
| campo de control de longitud fija |
ta |
| 008 - DATOS DE LONGITUD FIJA--INFORMACIÓN GENERAL |
| campo de control de longitud fija |
130315s1995 dr a 000 f spa d |
| 040 ## - FUENTE DE LA CATALOGACIÓN |
| Centro catalogador/agencia de origen |
DO-SdBNP |
| Lengua de catalogación |
spa |
| Centro/agencia transcriptor |
BNPHU |
| Normas de descripción |
rda |
| 082 ## - NÚMERO DE LA CLASIFICACIÓN DECIMAL DEWEY |
| Número de clasificación |
Co863.2 |
| Número de documento/Ítem |
I73m, |
| Número de edición |
22 |
| 100 1# - ENTRADA PRINCIPAL--NOMBRE DE PERSONA |
| Nombre de persona |
Isaacs, Jorge, |
| Fechas asociadas al nombre |
1837-1895 |
| 9 (RLIN) |
17342 |
| 245 10 - MENCIÓN DE TÍTULO |
| Título |
María : |
| Resto del título |
novela / |
| Mención de responsabilidad, etc. |
Jorge Isaacs ; editado por Malaquías Gil Arantegui |
| 264 #1 - PRODUCCIÓN, PUBLICACIÓN, DISTRIBUCIÓN, FABRICACIÓN Y COPYRIGHT |
| Producción, publicación, distribución, fabricación y copyright |
[Santo Domingo] : |
| Nombre del de productor, editor, distribuidor, fabricante |
CENAPE, |
| Fecha de producción, publicación, distribución, fabricación o copyright |
[199-]. |
| 300 ## - DESCRIPCIÓN FÍSICA |
| Extensión |
195 páginas |
| Otras características físicas |
ilustraciones |
| Dimensiones |
22 cm. |
| 336 ## - TIPO DE CONTENIDO |
| Fuente |
rdacontent |
| Término de tipo de contenido |
texto |
| Código de tipo de contenido |
txt |
| 337 ## - TIPO DE MEDIO |
| Fuente |
rdamedia |
| Nombre/término del tipo de medio |
sin mediacion |
| Código del tipo de medio |
n |
| 338 ## - TIPO DE SOPORTE |
| Fuente |
rdacarrier |
| Nombre/término del tipo de soporte |
volumen |
| Código del tipo de soporte |
nc |
| 490 1# - MENCIÓN DE SERIE |
| Mención de serie |
Biblioteca economica de obras maestras |
| Designación de volumen o secuencia |
2 |
| 590 ## - NOTA LOCAL (RLIN) |
| Nota local |
Inventariado, 2019 / DG |
| 650 #4 - PUNTO DE ACCESO ADICIONAL DE MATERIA--TÉRMINO DE MATERIA |
| Término de materia o nombre geográfico como elemento de entrada |
Novela colombiana |
| 9 (RLIN) |
1243 |
| 650 #4 - PUNTO DE ACCESO ADICIONAL DE MATERIA--TÉRMINO DE MATERIA |
| Término de materia o nombre geográfico como elemento de entrada |
Literatura colombiana |
| 9 (RLIN) |
1244 |
| 700 1# - PUNTO DE ACCESO ADICIONAL--NOMBRE DE PERSONA |
| Nombre de persona |
Gil Arantegui, Malaquías, |
| Fechas asociadas al nombre |
1912-1988 |
| 9 (RLIN) |
76489 |
| 910 ## - DATOS DE OPCIÓN DEL USUARIO (OCLC) |
| Datos de opción del usuario |
Validado. Control de calidad MFF |
| 942 ## - ELEMENTOS DE PUNTO DE ACCESO ADICIONAL (KOHA) |
| Fuente del sistema de clasificación o colocación |
Dewey Decimal Classification |
| Tipo de ítem Koha |
Libro |